| 000 | 02083cam a22005054i 4500 | ||
|---|---|---|---|
| 003 | PE-LiUPU | ||
| 005 | 20250731173511.0 | ||
| 008 | 150616s r 000 0 d | ||
| 035 | _a(Sirsi) a7626 | ||
| 040 |
_aPE-LiUPU _bspa _cPE-LiUPU _erda |
||
| 049 | _aPRUA | ||
| 082 | 0 | 4 |
_b _221 |
| 110 | 2 | _aInstituto Ecuménico de Pos-Graduacao em Ciencias da Religiao | |
| 245 | 1 | 0 | _aBibliografia Bíblica Latino-Americana. |
| 264 | 1 |
_aSao Paulo : _bEditora Vozes, _c1995. |
|
| 300 |
_a487 páginas ; _c21 cm. |
||
| 336 |
_atext _2rdacontent |
||
| 337 |
_aunmediated _2rdamedia |
||
| 338 |
_avolume _2rdacarrier |
||
| 490 | 0 | _aCiencias de Religiao | |
| 505 | 0 | _aEnfoque '93.- Movimiento bíblico.- Biblia e moradia.- Leitura protestante.- Leitura feminista.- Qumran.- Interpretacao.- Historia.- Historia de israel.- Contexto do novo testamento.- Geografía.- Cronología.- Arqueología.- Modos de producao.- Antigo oriente. | |
| 526 | _aSEG42 | ||
| 526 | _aSEG41 | ||
| 526 | _aSEG40 | ||
| 526 | _aSEG39 | ||
| 526 | _aP94 | ||
| 526 | _aP87 | ||
| 526 | _aP86 | ||
| 526 | _aP85 | ||
| 526 | _aP77 | ||
| 526 | _aP76 | ||
| 526 | _aP35 | ||
| 630 |
_aBiblia _zAmérica Latina _xBibliografías. |
||
| 650 | 0 | 4 | _a |
| 910 |
_ajck _bjvq _cjck |
||
| 942 |
_2ddc _cBOOK |
||
| 949 |
_a220.075 E6 1993 _wDEWEY _c1 _i40480 _lCCODEBUL1 _mBUL _p00.00 _r0 _sY _tBOOK _u2015-04-23 _xBIBLIOTECA _zUNKNOWN _0COMPRA _o.STAFF. Colección General |
||
| 949 |
_a220.075 E6 1993 _wDEWEY _c2 _i41219 _lCCODEBUL1 _mBUL _p00.00 _r0 _sY _tBOOK _u19960514 _xTEOLOGIA _zUNKNOWN _0COMPRA _o.STAFF. Colección General |
||
| 994 |
_aC0 _bPEPRU |
||
| 596 | _a1 | ||
| 999 |
_a220.075 E6 1993 _wDEWEY _c58890 _i40480 _f2021-11-9 _g5 _lCCODEBUL1 _mBUL _r0 _sY _tBOOK _u2015-4-23 _xTEOLOGIA _zUNKNOWN _0COMPRA _o.STAFF. Colección General _d58890 |
||
| 999 |
_a220.075 E6 1993 _wDEWEY _c2 _i41219 _f2021-11-9 _g5 _lCCODEBUL1 _mBUL _r0 _sY _tBOOK _u2015-6-16 _xTEOLOGIA _zUNKNOWN _0COMPRA _o.STAFF. Colección General |
||
| 980 |
_81 _gALBERTO SANCHEZ Responsable de Automatización |
||